000 00247nam a2200097Ia 4500
082 _a959.704342 SALL
245 0 _aTiger Force
100 _a SALLAH, Michael London, 2007
_934862
942 _cBK
008 210816s9999 xx 000 0 und d
999 _c126366
_d126365